00713pab a2200193 454500008004000000100002600040245010000066260000900166300001500175362001200190650003600202650004300238650002300281700001800304773006000322909001100382999001900393952010700412180718b2015 xxu||||| |||| 00| 0 eng d aSudan, Falendra Kumar aImpact of agrarian crisis on rural communities in North East India: evidence and lessons learnt c2015 ap.115-136. aJan-Dec aCommunities - India, North east aAgrarian structure - India, North east aAgrarian structure aSingh, Ishita aIASSI Quarterly: Contributions to Indian Social Science a110424 c110419d110419 00104070aIIPAbIIPAd2018-07-19hVolume no: 34, Issue no: 1-4pAR110884r2018-07-19w2018-07-19yAR